| 000 | 00696nam a2200229 a 4500 | ||
|---|---|---|---|
| 005 | 20250116063831.0 | ||
| 008 | 991125s1997 mad 000 0 spa u | ||
| 020 | _a8471124114 | ||
| 035 | _aUPN01000020677 | ||
| 049 | _aCG | ||
| 050 | 4 |
_aLC192 _bC6.38 |
|
| 100 | 1 | _aConnell, Robert W. | |
| 245 | 1 | 0 |
_aEscuelas y justicia social / _cRobert W. Connell ; tr. Roc Filella. |
| 260 |
_aMadrid : _bMorata, _c1997. |
||
| 300 | _a182 p. | ||
| 440 | 0 |
_aPedagogía. _pLa pedagogía hoy |
|
| 590 | _aBibliografía Básica (BGTQ) | ||
| 590 | _a(También localizas un ejemplar en el "Area de Reserva") | ||
| 650 | 4 |
_aEducación _xAspectos sociales _95311 |
|
| 650 | 4 |
_aEducación _9682 |
|
| 905 | _aLibro | ||
| 999 |
_c20677 _d20677 |
||